Saltar al contenido
Inicio
Centros participantes
Catálogo
Servicios
Contacto
Prijava
English
Deutsch
Español
Français
Italiano
日本語
Nederlands
Português
Português (Brasil)
中文(简体)
中文(繁體)
Türkçe
עברית
Gaeilge
Cymraeg
Ελληνικά
Català
Euskara
Русский
Čeština
Suomi
Svenska
polski
Dansk
slovenščina
اللغة العربية
বাংলা
Galego
Tiếng Việt
Hrvatski
हिंदी
Հայերէն
Українська
Sámegiella
Jezik
Vsa polja
Naslov
Avtor
Tema
Signatura
ISBN/ISSN
Oznaka
Išči
Napredno
El Sistema internacional y Amé...
Citiraj
Pošljite email
Natisni
Izvozi zadetek
Izvozi v RefWorks
Izvozi v EndNoteWeb
Izvozi v EndNote
Dodaj v priljubljene
Enlace Permanente
Agregar primera valuación
El Sistema internacional y América Latina
Shranjeno v:
Bibliografske podrobnosti
Glavni avtor:
Russell, Roberto
Format:
Neznan
Izdano:
s.l:
Rial-GEL
Oznake:
Označite
Brez oznak, prvi označite!
Zaloga
Opis
Komentarji
Podobne knjige/članki
Knjižničarski pogled
MARC
LEADER
00000 a2200000 04500
001
23584
003
008
991231s d
040
090
|a
168500
100
|a
Russell, Roberto
245
|a
El Sistema internacional y América Latina
260
|a
s.l:
|b
Rial-GEL
999
|c
11457
|d
11457
Podobne knjige/članki
Cátedra abierta. Crisis del Caribe: principios de derechos internacional
Nuevos métodos y fuentes en el análisis histórico
od: Picó, Fernando
Constitución Política de la República de Panamá: Constitución Política de la República de Panamá de 1972, reformada por los actos reformatorios de 1978 y por el Acto Constitucional de 1983 (Fotocopia)
od: Fábrega P, Jorge
Constitución política de la República de Guatemala y Código de Etica Profesional
Ley para fomentar la recuperación económica y facilitar la expansión de oportunidades económicas en la región de la Cuenca del Caribe (Fotocopia) /